000 01059nam a22002777i 4500
001 193421
003 ES-MaACL
005 20250718181741.0
007 ta
008 231129e1969 sp ||||| |||| 00| 0 spa d
017 _aCU 14-1969
_bOficina Depósito Legal de Cuenca
040 _bspa
_cES-MaACL
080 _a929 Catalán Valero, Gregorio
245 0 0 _aHonrando a un héroe :
_bhomenaje que el pueblo de Osa de la Vega rinde a la memoria de su hijo preclaro Gregorio Catalán Valero [defensor de Baler]
260 _aCuenca :
_f(Imp. Falange),
_c[1969]
300 _a16 páginas :
_b1 retrato,
_c21 cm
336 _2rdacontent
_aTexto
337 _2rdamedia
_asin mediación
338 _2rdacarrier
_avolumen
600 1 4 _aCatalán Valero, Gregorio,
_d1876-1901
_9234604
852 _aES-MaACL
_cDEPOF
_fSello del Ayuntamiento de Osa de la Vega (Cuenca)
_hLegado: Juan Antonio Porto
_j2333-F-27
_9200882
903 _aPorto, Juan Antonio,
_d1937-2021
_ednr
_q1
_993285
942 _n0
_cFOLLETOS
999 _c193421
_d193421